Statistiques concernant Gagnant du Trophée Art Ross dans la LNH

Cliquez ici pour prendre le quiz!

Statistiques générales

  • Ce quiz a été pris 116 fois
  • Le résultat moyen est 47 sur 72

Statistiques - réponses

AnnéeJoueur% Correct
1983-1984Wayne Gretzky
100%
1980-1981Wayne Gretzky
100%
1982-1983Wayne Gretzky
100%
1984-1985Wayne Gretzky
100%
1985-1986Wayne Gretzky
100%
1986-1987Wayne Gretzky
100%
1989-1990Wayne Gretzky
100%
1990-1991Wayne Gretzky
100%
1981-1982Wayne Gretzky
100%
1993-1994Wayne Gretzky
100%
2016-2017Connor McDavid
98%
2017-2018Connor McDavid
98%
2006-2007Sidney Crosby
98%
2013-2014Sidney Crosby
98%
2007-2008Alexander Ovechkin
94%
1995-1996Mario Lemieux
94%
1991-1992Mario Lemieux
94%
1996-1997Mario Lemieux
94%
1988-1989Mario Lemieux
94%
1987-1988Mario Lemieux
94%
1992-1993Mario Lemieux
94%
2018-2019Nikita Kucherov
83%
1975-1976Guy Lafleur
82%
1976-1977Guy Lafleur
82%
1977-1978Guy Lafleur
82%
1955-1956Jean Béliveau
78%
2015-2016Patrick Kane
78%
1994-1995Jaromir Jagr
72%
2000-2001Jaromir Jagr
72%
1997-1998Jaromir Jagr
72%
1998-1999Jaromir Jagr
72%
1999-2000Jaromir Jagr
72%
2008-2009Evgeni Malkin
67%
2011-2012Evgeni Malkin
67%
1953-1954Gordie Howe
67%
1952-1953Gordie Howe
67%
1962-1963Gordie Howe
67%
1951-1952Gordie Howe
67%
1950-1951Gordie Howe
67%
1956-1957Gordie Howe
67%
1969-1970Bobby Orr
66%
1974-1975Bobby Orr
66%
2003-2004Martin St-Louis
63%
2012-2013Martin St-Louis
63%
2014-2015Jamie Benn
60%
1965-1966Bobby Hull
53%
1961-1962Bobby Hull
53%
1959-1960Bobby Hull
53%
1979-1980Marcel Dionne
53%
2005-2006Joe Thornton
49%
1970-1971Phil Esposito
47%
1971-1972Phil Esposito
47%
1972-1973Phil Esposito
47%
1973-1974Phil Esposito
47%
1968-1969Phil Esposito
47%
2010-2011Daniel Sedin
41%
2009-2010Henrik Sedin
41%
2002-2003Peter Forsberg
39%
1964-1965Stan Mikita
39%
1967-1968Stan Mikita
39%
1966-1967Stan Mikita
39%
1963-1964Stan Mikita
39%
2001-2002Jarome Iginla
33%
1978-1979Bryan Trottier
31%
1960-1961Bernard Geoffrion
28%
1954-1955Bernard Geoffrion
28%
2004-2005Aucun
20%
1947-1948Elmer Lach
19%
1949-1950Ted Lindsay
19%
1957-1958Dickie Moore
16%
1958-1959Dickie Moore
16%
1948-1949Roy Conacher
6%

Distribution des résultats

Percentile par nombre de réponses

% des personnes avec chaque résultat

Votre développement - résultats

Vous n’avez pas pris ce quiz